A Modern Approach to Verbal & Non-Verbal Reasoning/ (Record no. 209960)

MARC details
000 -LEADER
fixed length control field 01171nam a22002057a 4500
005 - DATE AND TIME OF LATEST TRANSACTION
control field 20250303103109.0
010 ## - LCCN (DPL NO)
LC control number ENG-143947
020 ## - INTERNATIONAL STANDARD BOOK NUMBER
International Standard Book Number 9789364685979
Terms of availability 899.00
035 ## - SYSTEM CONTROL NUMBER
System control number EN-127479
037 ## - SOURCE OF ACQUISITION
Source of stock number/acquisition DBAD
082 ## - DEWEY DECIMAL CLASSIFICATION NUMBER
Classification number 153.43
Edition number 1
100 ## - MAIN ENTRY--PERSONAL NAME
Personal name Aggarwal, RS
245 ## - TITLE STATEMENT
Title A Modern Approach to Verbal & Non-Verbal Reasoning/
Statement of responsibility, etc By RS Aggarwal
250 ## - EDITION STATEMENT
Edition statement 1
260 ## - PUBLICATION, DISTRIBUTION, ETC. (IMPRINT)
Place of publication, distribution, etc New Delhi
Name of publisher, distributor, etc S Chand and Company Limited
Date of publication, distribution, etc 2024
270 ## - ADDRESS
Address A-27, 2nd Floor, Mohan Co-operative Industrial Estate
City New Delhi
Postal code 110044
Electronic mail address info@schandpublishing.com
Telephone number 011-49731800
300 ## - PHYSICAL DESCRIPTION
Extent vpp.
Dimensions 27cm(pb)
500 ## - GENERAL NOTE
General note This revised edition of A Modern Approach to Verbal and Non-Verbal Reasoning, while retaining the key strengths and structure of the previous edition, brings to the readers latest questions from various competitive examinations as per the most recent pattern and trends. A section on recent questions (based on memory) and their answers/solutions from different competitive examinations like IBPS, SSC, Railways, Insurance, UPSC and State PSC, Management, AFCAT, SBI (PO), RBI Grade B, etc. has been added.
942 ## - ADDED ENTRY ELEMENTS (KOHA)
Source of classification or shelving scheme Dewey Decimal Classification
Item type English Books
Classification part 153.43
Call number suffix AGG
Edition 1
Holdings
Withdrawn status Lost status Not for loan Collection code Home library Current library Date acquired Source of acquisition Cost, normal purchase price Full call number Barcode Copy number Cost, replacement price Koha item type
      Non-fiction Central Library Central Library 03/03/2025 Delivery of Books Act Division 899.00 153.43 AGG EN-127479 1 899.00 English Books

© Delhi Public Library
Hit Counter
free hit counter